MARC

LEADER 00000nam0a2200000 4500
001 294719
005 20231102000730.0
020 |a RU  |b 84-30595 
035 |a (RuTPU)RU\TPU\book\319792 
090 |a 294719 
100 |a 20150515d1984 m y0rusy5003 ca 
101 0 |a rus 
102 |a RU 
105 |a a j 001zy 
200 1 |a Детали машин  |e учебник для техникумов  |f Н. Г. Куклин, Г. С. Куклина 
205 |a 3-е изд., перераб. и доп. 
210 |a Москва  |c Высшая школа  |d 1984 
215 |a 255 с.  |c ил. 
320 |a Библиогр.: с. 253 
606 1 |a Детали машин  |2 stltpush  |3 (RuTPU)RU\TPU\subj\9144  |9 36422 
610 1 |a сварные соединения 
610 1 |a соединения с натягом 
610 1 |a шпоночные соединения 
610 1 |a шлицевые соединения 
610 1 |a механические передачи 
610 1 |a зубчатые передачи 
610 1 |a червячные передачи 
610 1 |a редукторы 
610 1 |a цепные передачи 
610 1 |a валы 
610 1 |a подшипники 
610 1 |a муфты 
610 1 |a учебники 
675 |a 621.81(075.32)  |z rus  |v 4 
700 1 |a Куклин  |b Н. Г.  |g Николай Григорьевич 
701 1 |a Куклина  |b Г. С.  |g Галина Сергеевна 
801 0 |a RU  |b RuMRKP  |c 19950704  |g psbo 
801 1 |a RU  |b 63413507  |c 20150515 
801 2 |a RU  |b 63413507  |c 20220628  |g RCR 
942 |c BK